Zgadnij państwo po 3 słowach - Statystyki

Ogólne statystyki
  • Ten quiz został rozwiązany 4 277 razy
  • Średni wynik to 10 z 12
Statystyki odpowiedzi
Opis Odpowiedź % Poprawnych
syrop klonowy, liść klonowy, hokej Kanada
99%
sfinks, piramidy, słońce Egipt
97%
pierogi, auschwitz-birkenau, wódka Polska
95%
kangury, misie koala, opera Australia
94%
tacos, sombrero, mafia Meksyk
94%
cyrlica, matrioszki, metro Rosja
91%
karnawał, zielone płuca świata, piłka nożna Brazylia
89%
Drakula, Cyganie, mafia Rumunia
86%
smok, marco polo, pałeczki Chiny
81%
yerba mate, piłka nożna, wołowina Argentyna
64%
wanilia, wyspa, pingwiny... Madagaskar
62%
owce, władca pierścieni, rugby Nowa zelandia
61%
Nie znaleziono quizów pasujących do podanych kryteriów
Rozkład punktacji
Procent ludzi z każdym wynikiem
Percentyl według liczby udzielonych odpowiedzi
Twoja historia wyników
Nie rozwiązałeś tego quizu